00857 2200181 4500001002100000005001500021035002000036245004500056100001600101250001700117300002800134260003100162082000800193084001400201020002200215650002100237520041700258INLIS00000000000003220240319084652 a0010-03240000321 aBubu, Si Buku yang Pintar /cSiti Anisah0 aSiti Anisah acetakan ke-1 a36 hlm :bilus ;c19 cm aSolo :bTiga Ananda,c2017 a813 a813 SIT b a978-602-366-342-2 4aCerita Bergambar aCicil Pensil dan teman-teman sedang asyik bermain di sore hari. Namun, tiba-tiba hari menjadi gelap. Ternyata ada gerhana matahari. Cicil dan teman-teman segera bersembunyi. Mereka mengira ada raksasa yang sedang menelan matahari. Untung ada Bubu Si Buku Tulis. Bubu menjelaskan kepada teman-teman bahwa gerhana merupakan peristiwa alam. Lalu, bagaimana proses terjadinya gerhana itu? Yuk, ikuti penjelasan Bubu!